| Tag |
First Indicator |
Second Indicator |
Subfields |
| LEADER |
00000cam a2200000 4500 |
| 001 |
in00004635205 |
| 006 |
m o d |
| 007 |
cr un||||a|a|| |
| 008 |
200601s1973 gw a ob 111 0 ger d |
| 005 |
20230607181834.1 |
| 035 |
|
|
|a (OCoLC)on1156242831
|
| 040 |
|
|
|a OCLCE
|b eng
|e pn
|c OCLCE
|d OCLCQ
|d JSTOR
|d OCLCO
|d N$T
|d EBLCP
|d OCLCF
|d YDX
|
| 019 |
|
|
|a 654751203
|a 1249799858
|a 1249800395
|a 1250080518
|
| 020 |
|
|
|a 3428440056
|q (electronic bk.)
|
| 020 |
|
|
|a 9783428440054
|q (electronic bk.)
|
| 020 |
|
|
|a 3428440188
|q (electronic bk.)
|
| 020 |
|
|
|a 9783428440184
|q (electronic bk.)
|
| 020 |
|
|
|z 3428029658
|
| 020 |
|
|
|z 9783428029655
|
| 035 |
|
|
|a (OCoLC)1156242831
|z (OCoLC)654751203
|z (OCoLC)1249799858
|z (OCoLC)1249800395
|z (OCoLC)1250080518
|
| 037 |
|
|
|a 22573/ctv24ktdnv
|b JSTOR
|
| 050 |
|
4 |
|a HC13
|b .G47 1973eb
|
| 082 |
0 |
4 |
|a 340.115
|2 23
|
| 084 |
|
|
|a 83.21
|2 bcl
|
| 049 |
|
|
|a TXAM
|
| 110 |
2 |
|
|a Verein für Socialpolitik.
|
| 245 |
1 |
0 |
|a Macht und ökonomisches Gesetz.
|b Verhandlungen auf der Tagung des Vereins für Socialpolitik, Gesellschaft für Wirtschafts- und Sozialwissenschaften in Bonn 1972.
|c [Hrsg. von Hans K. Schneider und Christian Watrin].
|
| 260 |
|
|
|a Berlin,
|b Duncker & Humblot
|c [1973]
|
| 300 |
|
|
|a 1 online resource (2 volumes (xii, 1468 pages))
|b illustrations
|
| 336 |
|
|
|a text
|b txt
|2 rdacontent
|
| 337 |
|
|
|a computer
|b c
|2 rdamedia
|
| 338 |
|
|
|a online resource
|b cr
|2 rdacarrier
|
| 490 |
1 |
|
|a Schriften des Vereins für Socialpolitik, Gesellschaft für Wirtschafts- und Sozialwissenschaften,
|v n. F., Bd. 74
|
| 500 |
|
|
|a "Verhandlungen auf der Jubiläumstagung in Bonn vom 4.-7. September 1972, aus Anlass des Eisenacher Kongresses von 1872."
|
| 504 |
|
|
|a Includes bibliographical references.
|
| 588 |
0 |
|
|a Print version record
|
| 650 |
|
0 |
|a Economic policy
|v Congresses.
|
| 650 |
|
0 |
|a Industrial management
|v Congresses.
|
| 650 |
|
6 |
|a Politique économique
|v Congrès.
|
| 650 |
|
6 |
|a Gestion d'entreprise
|v Congrès.
|
| 650 |
|
7 |
|a Economic policy.
|2 fast
|0 (OCoLC)fst00902025
|
| 650 |
|
7 |
|a Industrial management.
|2 fast
|0 (OCoLC)fst00971246
|
| 655 |
|
7 |
|a Electronic books.
|2 local
|
| 655 |
|
7 |
|a Conference papers and proceedings.
|2 fast
|0 (OCoLC)fst01423772
|
| 700 |
1 |
|
|a Schneider, Hans K.,
|e editor.
|
| 700 |
1 |
|
|a Watrin, Christian,
|e editor.
|
| 710 |
2 |
|
|a JSTOR (Organization)
|
| 776 |
0 |
8 |
|i Print version:
|a Verein für Socialpolitik.
|t Macht und ökonomisches Gesetz.
|d Berlin, Duncker & Humblot [1973]
|w (DLC) 74304880
|w (OCoLC)932181
|
| 830 |
|
0 |
|a Schriften des Vereins für Socialpolitik, Gesellschaft für Wirtschafts- und Sozialwissenschaften ;
|v n. F., Bd. 74.
|
| 856 |
4 |
0 |
|u https://www.jstor.org/stable/10.2307/j.ctv24q4ztv
|z Connect to the full text of this electronic book (v.2)
|t 0
|
| 856 |
4 |
0 |
|u https://www.jstor.org/stable/10.2307/j.ctv24q53hk
|z Connect to the full text of this electronic book (v.1)
|t 0
|
| 955 |
|
|
|a JSTOR Open Access ebooks
|
| 994 |
|
|
|a 92
|b TXA
|
| 999 |
f |
f |
|s 049943d8-4f15-4f07-ba73-fa81d0e266f2
|i e027f9c9-4b92-4c7a-a205-daf4d81cb21f
|t 0
|
| 952 |
f |
f |
|a Texas A&M University
|b College Station
|c Electronic Resources
|d Available Online
|t 0
|e HC13 .G47 1973eb
|h Library of Congress classification
|
| 998 |
f |
f |
|a HC13 .G47 1973eb
|t 0
|l Available Online
|